Diététique de l'enfant (Record no. 17513)
[ view plain ]
| 000 -LEADER | |
|---|---|
| fixed length control field | 00319 a2200157 4500 |
| 035 ## - SYSTEM CONTROL NUMBER | |
| System control number | 3106 |
| 035 ## - SYSTEM CONTROL NUMBER | |
| System control number | 8949 |
| 035 ## - SYSTEM CONTROL NUMBER | |
| System control number | 9056 |
| 100 ## - VEDETTE PRINCIPALE - NOM DE PERSONNE | |
| Personal name | André, G. |
| 245 ## - TITLE STATEMENT | |
| Title | Diététique de l'enfant |
| 260 ## - PUBLICATION, DISTRIBUTION, ETC. (IMPRINT) | |
| Date of publication, distribution, etc | 1983 |
| 300 ## - PHYSICAL DESCRIPTION | |
| Extent | X-276 p. |
| Withdrawn status | Lost status | Damaged status | Not for loan | Location (home branch) | Sublocation or collection (holding branch) | Date acquired | Koha issues (times borrowed) | Koha full call number | Koha date last seen | Price effective from | Koha item type |
|---|---|---|---|---|---|---|---|---|---|---|---|
| Bibliothèque Faculté des Sciences de la Santé | Bibliothèque Faculté des Sciences de la Santé | 27/02/2009 | WB 400 AND | 27/02/2009 | 27/02/2009 | Livre |